Eating grass : the making of the Pakistani bomb (Record no. 12065)
[ view plain ]
| 000 -LEADER | |
|---|---|
| fixed length control field | 00514nam a22001457a 4500 |
| 020 ## - INTERNATIONAL STANDARD BOOK NUMBER | |
| International Standard Book Number | 9789382264620 |
| 082 ## - DEWEY DECIMAL CLASSIFICATION NUMBER | |
| Classification number | 623.45119095491 |
| 100 ## - MAIN ENTRY--PERSONAL NAME | |
| Personal name | Khan, Feroz Hassan |
| 9 (RLIN) | 68667 |
| 245 ## - TITLE STATEMENT | |
| Title | Eating grass : the making of the Pakistani bomb |
| 260 ## - PUBLICATION, DISTRIBUTION, ETC. | |
| Place of publication, distribution, etc. | New Delhi |
| Name of publisher, distributor, etc. | Foundation Books |
| Date of publication, distribution, etc. | 2013 |
| 300 ## - PHYSICAL DESCRIPTION | |
| Extent | xxv, 520 p. |
| Other physical details | map |
| Accompanying material | 24 cm |
| 500 ## - GENERAL NOTE | |
| General note | Includes bibliographical references (pages 399-491) and index. |
| 650 ## - SUBJECT ADDED ENTRY--TOPICAL TERM | |
| Topical term or geographic name entry element | 1. Nuclear weapons --Pakistan --History. 2. Pakistan --Military policy. |
| 9 (RLIN) | 125699 |
| 942 ## - ADDED ENTRY ELEMENTS (KOHA) | |
| Koha item type | CSS Corner |
| Source of classification or shelving scheme | |
| Withdrawn status | Lost status | Source of classification or shelving scheme | Materials specified (bound volume or other part) | Damaged status | Not for loan | Permanent Location | Current Location | Shelving location | Date acquired | Source of acquisition | Cost, normal purchase price | Total Renewals | Full call number | Barcode | Date last seen | Price effective from | Koha item type |
|---|---|---|---|---|---|---|---|---|---|---|---|---|---|---|---|---|---|
| CSS Corner Book | Central Library (CL) | Central Library (CL) | Central Superior Services | 07/03/2013 | Allied Book Company | 1532.24 | 3 | 623.45119095491 KHA | SEECS012502 | 06/03/2024 | 07/15/2013 | CSS Corner |
